Największe miasta Bałkanów z mapą - Statystyki

Ogólne statystyki
  • Ten quiz został rozwiązany 117 razy
  • Średni wynik to 21 z 43
Odpowiedzi na mapie
Odpowiedzi zakodowano w zielono-czerwonej skali na mapie do tego quizu, zgodnie z poniższymi procentami.
 
Statystyki odpowiedzi
Państwo Miasto % Poprawnych
Grecja Ateny
100%
Serbia Belgrad
100%
Bułgaria Sofia
98%
Turcja Stambuł
97%
Albania Tirana
97%
Chorwacja Zagrzeb
97%
Słowenia Lublana
95%
Bośnia i Hercegowina Sarajewo
94%
Macedonia Północna Skopje
92%
Kosowo Prisztina
90%
Czarnogóra Podgorica
87%
Grecja Saloniki
87%
Chorwacja Split
85%
Bułgaria Warna
73%
Serbia Nowy Sad
71%
Chorwacja Rijeka
71%
Słowenia Maribor
65%
Grecja Heraklion
55%
Bośnia i Hercegowina Banja Luka
52%
Bułgaria Płowdiw
52%
Bułgaria Burgas
50%
Serbia Nisz
50%
Albania Durrës
47%
Chorwacja Osijek
40%
Turcja Edirne/Adrianopol
34%
Grecja Patras
26%
Kosowo Prizren
21%
Serbia Subotica
18%
Grecja Chania
16%
Serbia Kragujevac
16%
Bułgaria Ruse
16%
Grecja Larisa
13%
Grecja Janina
11%
Bułgaria Stara Zagora
11%
Turcja Tekirdağ
10%
Bułgaria Plewen
8%
Turcja Çorlu
6%
Grecja Wolos
6%
Bułgaria Dobricz
5%
Bułgaria Sliwen
3%
Turcja Silivri
2%
Turcja Çerkezköy
0%
Turcja Lüleburgaz
0%
Nie znaleziono quizów pasujących do podanych kryteriów
Rozkład punktacji
Procent ludzi z każdym wynikiem
Percentyl według liczby udzielonych odpowiedzi
Twoja historia wyników
Nie rozwiązałeś tego quizu